Experiments With Electricity

Bibliographic Details
Format: Book
Published: India : Learners Press Private Limited , 2010
Subjects:

MARC

LEADER 00000cam a2200000 7i4500
001 0000051512
005 20150825.0
008 150825
020 |a 9788184851649 
090 0 0 |a SC   |b ENG 
245 1 0 |a Experiments With Electricity 
260 |a India :   |b Learners Press Private Limited ,   |c 2010 
300 |a 30pg. :   |b Col.ill 
650 0 |a Experiments With Electricity 
999 |a 0001266678   |b Book   |c Children Collection   |e Cawangan Bandar Penawar 
999 |a 0001266681   |b Book   |c Children Collection   |e Cawangan Tangkak 
999 |a 0001266683   |b Book   |c Children Collection   |e Cawangan Bukit Gambir 
999 |a 000126683   |b Book   |c Children Collection   |e Cawangan Bukit Gambir